[Event "Dyfed Open"]
[Site "Fishguard"]
[Date "2019.02.24"]
[Round "4.11"]
[White "Bourne, Johnathan D"]
[Black "Van Kemenade, Julie"]
[Result "1-0"]
[WhiteElo "1907"]
[BlackElo "1704"]
[Annotator "kemen"]
[PlyCount "51"]
[EventDate "2019.??.??"]

{[%evp 0,11,19,28,71,80,66,24,49,55,76,70,71,52]} 1. e4 d6 2. Nc3 (2. d4 Nf6 3.
Nc3 c6 4. Be3 Qc7 5. h3 e5 6. Nf3 Nbd7 7. Be2 Be7 8. O-O {Bourne-Van Kemenade,
Dyfed Open 2011,1-0}) 2... Nf6 3. f4 c6 4. Nf3 Nbd7 5. d4 Qa5 6. Bd2 Qb6 (6...
e5) (6... Qc7 {main lines}) 7. e5 $18 (7. Bc4 {Hajba-Nagy, Level op 2016, draw
agreed}) 7... Nd5 8. Nxd5 (8. Bd3 e6 9. O-O Nxc3 10. bxc3 g6 11. Qe2 d5 12. Ng5
Bg7 13. f5 $18 {Stockfish10}) 8... cxd5 9. Bd3 e6 10. Qe2 Be7 11. O-O O-O 12.
Kh1 (12. g4 $18 {Stockfish10}) 12... dxe5 (12... Nb8 13. c3 Nc6 14. g4 $18 {
Wh has too much space on the K side}) 13. fxe5 f5 14. exf6 (14. g4 {Stockfish10
}) 14... Nxf6 15. Ng5 (15. Rae1) 15... Bd7 (15... h6 16. Nf3 Bd6 17. c3 Bd7 18.
Nh4 Ne4 19. Bxh6 $18 {Stockfish10}) 16. Rxf6 $5 (16. Rae1) 16... Rxf6 17. Nxh7
(17. Bxh7+ $1 Kf8 (17... Kh8 18. Qh5 $18) 18. Qh5 Qxb2 19. Rd1 Bb4 20. Bd3 Ke7
21. Be3 Kd6 22. Qh7 Raf8 23. Qxg7 Kc6 24. c4 dxc4 25. Bxc4 Qc2 26. Bb3 Rf1+ 27.
Bg1 Qe2 28. d5+ exd5 29. Bxd5+ Kc7 30. Ne6+ Qxe6 31. Bxe6 Rxd1 32. Qe5+ Kc8 33.
Bxd7+ Rxd7 34. Qe6 $18 {but its not all over yet}) 17... Qxb2 $11 18. Nxf6+
Bxf6 19. Rf1 Qxd4 20. Qh5 (20. Be3 Qh4 21. Qf3 a6 $11 {Stockfish10}) 20... Qh4
$15 21. Qe2 Bg5 $2 {gives up a key defender for a non-attacker} (21... e5 22.
Bg6 Qg4 23. Qd3 Rc8 24. Rf2 (24. Qxd5+ Be6 25. Qe4 Rc4 26. Qxg4 Rxg4 27. Be8
Bd5 28. Rg1 Bxa2 $19) 24... Be6 25. h3 Qc4 $17 {Stockfish10}) 22. Bxg5 Qxg5 23.
Qf3 $18 Qe7 24. Qh5 g5 25. Bg6 Qg7 26. Bf7+ 1-0

[Event "Dyfed Open"]
[Site "Fishguard"]
[Date "2019.02.24"]
[Round "4.12"]
[White "Paffard, Mark"]
[Black "Morgans, Justin"]
[Result "0-1"]
[WhiteElo "1731"]
[BlackElo "1646"]
[Annotator "kemen"]
[PlyCount "68"]
[EventDate "2019.??.??"]

{[%evp 0,23,28,37,80,57,61,42,31,31,74,74,46,32,28,17,5,4,11,-3,0,-7,-7,-1,7,
-301]} 1. e4 c6 2. d4 (2. Nf3 d5 3. Nc3 dxe4 4. Nxe4 Bf5 5. Ng3 Bg6 6. Nh4 e6
7. Nxg6 hxg6 8. d3 Bd6 9. Ne4 Nf6 10. Nxd6+ Qxd6 11. h3 Nbd7 12. Qe2 O-O-O {
Jansen Van Rensburg-Morgans,S Wales Autumn Open 2018,0-1}) 2... d5 3. Nc3 dxe4
4. Nxe4 Bf5 5. Ng3 Bg6 6. Nf3 Nf6 7. Ne5 (7. h4 h6 8. Ne5 Bh7 9. Bd3 {main})
7... e6 8. Nxg6 hxg6 9. Bg5 Be7 10. Be2 Nbd7 {0.5-4.5 from this position} 11.
c3 Qc7 (11... Qa5 12. Qb3 $2 {Barrow-Manvelyan, San Francisco TM Summer,2010,
0-1}) 12. a4 (12. Qd2 Bd6 13. O-O-O Qa5 14. Kb1 Bxg3 15. Bxf6 gxf6 16. hxg3
O-O-O {Demirci-Inan, Manavgat Turkey Cup 2016,1/2-1/2}) 12... Bd6 13. Qc2 Bf4 (
13... Bxg3 14. fxg3 Rxh2 $17 {Komodo12}) 14. Bxf4 Qxf4 15. Bf3 O-O-O 16. b4 e5
17. b5 (17. O-O exd4 18. cxd4 Qxd4 19. Rad1 Qh4 20. h3 Ne5 21. Be4 Kb8 $15 {
Komodo12- Wh may get a little bit of play against the Bl K}) 17... c5 (17...
exd4 18. cxd4 Ne5 19. bxc6 Nxf3+ 20. gxf3 Rhe8+ 21. Kf1 Qxf3 22. cxb7+ Kb8 $17
{Komodo12}) 18. d5 (18. O-O Kb8 19. a5 $11 {Komodo12}) 18... e4 $19 19. Nxe4 (
19. Be2 e3 20. fxe3 Qxe3 21. Qc1 Nxd5 22. Qxe3 Nxe3 23. Kf2 Rhe8 $19 {Komodo12}
) 19... Nxe4 (19... Rde8 $1) 20. Bxe4 Rde8 21. f3 f5 22. Qd2 Qxd2+ (22... Qh4+
23. g3 Qxg3+ 24. hxg3 Rxh1+ 25. Kf2 Rh2+ 26. Ke3 Rxd2 27. Kxd2 fxe4 $19 {
Komodo12}) 23. Kxd2 fxe4 24. fxe4 Rxe4 $19 25. Rhe1 Rhe8 (25... Rg4) 26. Rxe4
Rxe4 27. Kd3 Nf6 28. a5 c4+ 29. Kd2 Nxd5 30. Rf1 Nf6 31. Rf3 g5 32. Rh3 Rh4 (
32... Kc7) 33. Rxh4 gxh4 34. h3 Nd5 0-1

[Event "Dyfed Open"]
[Site "Fishguard"]
[Date "2019.02.24"]
[Round "4.13"]
[White "Andrews, Norman G"]
[Black "Haigh, Tony"]
[Result "1/2-1/2"]
[WhiteElo "1605"]
[BlackElo "1793"]
[Annotator "kemen"]
[PlyCount "52"]
[EventDate "2019.??.??"]

{[%evp 0,16,19,38,89,9,52,40,38,41,35,48,67,52,45,44,48,53,55]} 1. e4 Nf6 2.
Nc3 d5 3. exd5 Nxd5 4. Nf3 (4. d4 Nxc3 5. bxc3 g6 6. Bc4 Bg7 7. Ne2 O-O 8. O-O
Nd7 9. Ba3 Nb6 10. Bb3 $2 a5 $19 {Alford-Haigh, WCPL 2019,0-1}) 4... Nxc3 5.
bxc3 g6 6. Bc4 Bg7 7. d4 O-O 8. O-O Nd7 (8... c5 {main}) 9. Be3 (9. Ba3) (9.
Re1 {main lines}) 9... Nb6 10. Bb3 (10. Bd3 c6 11. h3 Be6 12. Re1 Re8 13. a4
Nc4 14. Bf4 Nb2 15. Qe2 Nxd3 16. cxd3 Qa5 17. Bd2 {Przybylski-Luch, POL ch
blitz, Szczawno Zdroj 2018,1-0}) 10... Qe8 (10... Nd5 11. Bd2 b6 12. Ne5 Bb7
$11 {Komodo12}) 11. Qd2 a5 12. a3 (12. a4 Bd7 (12... Bg4) 13. Bh6 Bxa4 14. Bxa4
Nxa4 15. Bxg7 Kxg7 16. c4 Nb6 17. c5 Nd5 18. c4 Nb4 19. d5 $14 {Komodo12} (19.
Rfe1 $14)) 12... Bd7 (12... Bg4 13. Ne5 Bxe5 14. dxe5 Rd8 15. Qc1 a4 16. Ba2
Qc6 $11 {Komodo12}) 13. Bh6 $14 Bb5 14. Rfe1 a4 15. Ba2 Bc4 16. Bxg7 Kxg7 17.
Bxc4 Nxc4 18. Qe2 Qc6 19. Qxe7 (19. Ne5 Nxe5 20. Qxe5+ Kg8 21. d5 Qc5 22. Rab1
Qxa3 23. Qxc7 Qd6 24. Rxe7 Qxd5 $17 {Komodo12}) 19... Rfe8 20. Qb4 b5 $11 21.
Rad1 Qd5 22. h3 Rad8 23. Rxe8 (23. Ne5 Nxe5 24. dxe5 Qxd1 (24... Qc6 25. Rxd8
Rxd8 26. e6 $16 {Komodo12} fxe6 27. Qe7+ $18)) 23... Rxe8 24. Kf1 (24. Re1
Rxe1+ 25. Nxe1 c6 26. Nd3 $11 {Komodo12}) 24... c6 (24... Qe4 $17 {Komodo12}
25. Re1 $2 Nd2+ 26. Kg1 Nxf3+ $19) 25. Re1 Rxe1+ 26. Kxe1 Qe4+ $17 {(draw?)} (
26... Qe4+ 27. Kd1 (27. Kf1 Qxc2 $19) 27... g5 28. Qc5 h6 29. Ne1 g4 30. hxg4
Qxg4+ 31. Nf3 (31. Kc1 Qe2 $19) 31... Qxg2 32. Ke2 Qg6 33. Kd1 Qg4 $19 {
Komodo12}) 1/2-1/2

[Event "Dyfed Open"]
[Site "Fishguard"]
[Date "2019.02.24"]
[Round "4.14"]
[White "Orton, Paul"]
[Black "Chong, Kimberly"]
[Result "1/2-1/2"]
[WhiteElo "1596"]
[BlackElo "1720"]
[Annotator "kemen"]
[PlyCount "104"]
[EventDate "2019.??.??"]

{[%evp 0,15,46,5,13,28,30,27,20,13,13,9,3,4,1,-1,21,16]} 1. d4 Nf6 2. Bf4 d5 3.
Nf3 Bf5 4. e3 e6 5. Bd3 Bxd3 6. Qxd3 Bd6 7. Nbd2 (7. Bxd6) (7. Bg3 {main lines}
) 7... Bxf4 8. exf4 {4.5-0.5 from this position} Nbd7 9. O-O O-O 10. Rfe1 $146
(10. f5 {2.5-0.5}) (10. Ne5 {0.5-0.5}) (10. b4 {Cloud Engines}) 10... c5 11. c3
Rc8 12. Ne5 cxd4 13. cxd4 (13. Qxd4 $5) 13... Re8 14. Rac1 Qb6 $11 15. b3 Rc7
16. Rxc7 (16. Rc3 Rec8 17. Rec1 $11 {Komodo12}) 16... Qxc7 17. Qb1 {retreating}
(17. Qe3 $11) 17... Rc8 $15 18. Ndf3 Qc2 19. Kf1 Nxe5 (19... Qxb1 20. Rxb1 Nxe5
21. Nxe5 Ne4 22. Rb2 f6 23. Nd3 Kf7 $17 {Komodo12}) 20. Nxe5 Ne4 (20... Qd2 21.
Qd1 Qxa2 $19 {Komodo12}) 21. Qxc2 Rxc2 22. Re2 Rxe2 23. Kxe2 Nc3+ 24. Kd2 Nxa2
$17 {|It looks as though, with a Q side majority ,Bl should be able to win the
ending; especially since Wh also has some K side weaknesses. However the N is
temporarily out of play( the cost of gaining the pawn) so Bl has to be careful
to get N & K working together again} 25. Nd3 a5 26. Nc5 b5 (26... b6 $1 27. Nd7
b5 $17 {Komodo12} 28. Nc5 Nb4 29. Nb7 Nc6 $17) 27. Nb7 $11 a4 28. bxa4 bxa4 29.
Nc5 a3 (29... Nb4 30. Nxa4 Nc6 $11) 30. Kc2 (30. Nd3 $18 {traps the N & nearly
wins it} f6 31. Kc2 e5 32. fxe5 fxe5 33. dxe5 d4 34. Kb3 Nc3 35. Kxa3 Kf7 36.
Kb4 Ke6 37. Kc4 Ne2 38. f4 $18 {Komodo12}) 30... Nb4+ $17 {now the N can cause
damage again} 31. Kc3 a2 (31... Nc6 32. Nb3 Kf8 33. Na1 Ke7 34. Nc2 a2 35. Kb2
Kf6 36. g3 Na5 37. Kxa2 Kf5 38. f3 Nc4 39. Ne1 Nd2 40. Kb2 Nf1 41. Kc3 Nxh2 {
and Bl has good winning chances}) 32. Nb3 {(draw?)} Nc6 $17 33. Kb2 {a complex
position} f6 (33... a1=Q+ 34. Kxa1 Nb4 35. Kb1 Nd3 36. g3 Nxf2 $17 {Komodo12})
(33... Kf8 34. g3 (34. Kxa2 Nb4+ 35. Kb2 Nd3+ 36. Kc3 Nxf2 37. Kd2 Ke7 $17)
34... Ke7 35. Kxa2 Nb4+ 36. Kb1 Nd3 37. f3 Ne1 38. Nd2 Kf6 39. Kc1 Ng2 40. Nf1
Kf5 41. Kd1 h5 42. h4 f6 43. Ke2 Nxf4+ 44. gxf4 Kxf4 45. Kf2 g5 46. hxg5 Kxg5 (
46... fxg5 47. Ne3 g4 48. Ng2+ Kf5 49. Nh4+ (49. f4 Ke4 $19) 49... Kg5 50. Ng2
gxf3 51. Ne1 Kf5 52. Nxf3 Ke4 53. Ke2 h4 $11) 47. Ne3 h4 48. Ng4 Kf5 49. Ne3+
Kf4 50. Nc2 e5 51. Nb4 exd4 52. Nd3+ Kf5 53. Kg2 Kg6 54. Kh3 Kg5 $11) 34. f3
Kf7 35. Kxa2 Nb4+ 36. Kb1 Nd3 37. g3 $11 {Komodo12} e5 38. fxe5 fxe5 39. dxe5
Nxe5 40. Nd4 g5 41. Kc2 Kf6 42. Kd2 Ng6 43. Ke3 h5 44. f4 gxf4+ 45. gxf4 Ne7
46. Kf3 Nf5 47. Ne2 (47. Nxf5 Kxf5 48. Ke3 $11 Kg4 49. Kd4 Kxf4 50. Kxd5 Kf3
51. Ke5 Kg4 52. Ke4 h4 53. Ke3 Kh3 54. Kf3 Kxh2 55. Kf2 $11) 47... Ke6 48. Ng3
Nd4+ 49. Ke3 Nf5+ 50. Kf3 Nd4+ 51. Ke3 Nf5+ 52. Kf3 Nd4+ 1/2-1/2

[Event "Dyfed Open"]
[Site "Fishguard"]
[Date "2019.02.24"]
[Round "4.15"]
[White "Fraser, Susanna"]
[Black "Miller, John S"]
[Result "1-0"]
[WhiteElo "1578"]
[BlackElo "1686"]
[Annotator "kemen"]
[PlyCount "71"]
[EventDate "2019.??.??"]

{[%evp 0,22,20,20,20,-14,42,31,37,7,7,8,25,22,37,53,31,24,52,25,20,-4,36,39,46]
} 1. d4 Nf6 2. c4 g6 3. Nf3 Bg7 4. g3 O-O 5. Bg2 d6 6. O-O a6 7. Nc3 Nc6 8. Bg5
{not the best place for the B at the moment} (8. h3) (8. d5 {main lines}) 8...
Rb8 9. Rc1 h6 10. Bf4 (10. Bxf6 {most frequent}) 10... Nh5 11. Be3 e5 (11... f5
) 12. dxe5 Nxe5 (12... dxe5 {Stockfish10} 13. Qxd8 Rxd8 14. Nd5 e4 15. Nd2 Nd4
16. Rfe1 Nf5 17. Ba7 Ra8 18. Bc5 b6 19. Ba3 Bb7 20. Nxe4 Bxd5 21. cxd5 Nd6 {
Le Masle-Maugenest, Avoine op 2016,1-0}) 13. Nxe5 dxe5 14. Qxd8 (14. Ba7 Ra8
15. Bc5 Re8 16. Qb3 $18 {Stockfish10}) (14. Qb3 Nf6 15. Ba7 Ra8 16. Bc5 Re8 17.
Rfd1 Nd7 18. Ba3 $18 {Stockfish10- Bl is rather tied down}) 14... Rxd8 15. Nd5
c6 (15... Rd7 16. b3 $16 {Stockfish10}) 16. Ba7 (16. Bb6 Rf8 17. Bc7 $18 {
Stock fish10-is a clearer move order}) 16... Ra8 17. Bb6 Rd7 (17... Rf8 18.
Ne7+ (18. Nc7 Rb8 19. Ba7 Bd7 20. Rfd1 Nf6 21. e4 Rbd8 22. h3 $16) 18... Kh8
19. Nxc8 Rfxc8 20. Rfd1 $16 {Stockfish10} (20. b4 $16)) 18. Bh3 $2 (18. Nc7 Rb8
19. Ba7 Rxc7 20. Bxb8 Re7 21. Rfd1 $18 {Stockfish10}) 18... f5 (18... cxd5 19.
Bxd7 Bxd7 20. cxd5 Nf6 $17 {Stockfish10-and Bl has 2 pieces for a R}) 19. Nc7
$18 Rxc7 (19... Rb8 20. Rfd1 Bf6 21. Ba7 Rxc7 22. Bxb8 $18) 20. Bxc7 Be6 21. b3
Rc8 22. Ba5 Nf6 23. Rfd1 Nd7 24. Rd6 Kf7 25. Rcd1 Nc5 26. f3 (26. Bb4 Ne4 27.
Rd8) 26... Bf6 27. Bb6 Nd7 28. Rxd7+ Bxd7 29. Rxd7+ Ke6 30. Rxb7 Kd6 31. c5+ (
31. e4) (31. Ra7) 31... Ke6 32. Ra7 Re8 33. Rxa6 Kd5 34. Ra7 (34. e4+ fxe4 35.
fxe4+ Kxe4 (35... Kd4 36. Bd7) 36. Bg2+) 34... e4 35. fxe4+ Rxe4 36. Bg2 1-0

[Event "Dyfed Open"]
[Site "Fishguard"]
[Date "2019.02.24"]
[Round "4.16"]
[White "Pinch, David"]
[Black "Horrell, Stephen A"]
[Result "1-0"]
[WhiteElo "1634"]
[BlackElo "1592"]
[Annotator "kemen"]
[PlyCount "81"]
[EventDate "2019.??.??"]

{[%evp 0,16,26,27,20,27,58,28,31,49,49,8,45,16,16,-15,-6,-10,-10]} 1. d4 Nf6 2.
Bf4 d6 3. e3 g6 4. Nf3 Bg7 5. Be2 Nbd7 6. Nbd2 b6 7. c4 (7. h3) (7. c3 {
main lines}) 7... Bb7 8. O-O c5 (8... O-O) 9. h3 O-O 10. Qc2 Re8 11. d5 b5 (
11... Nf8 12. Rad1 e5 13. dxe6 Nxe6 14. Bh2 Qe7 15. Rfe1 d5 16. cxd5 Bxd5 17.
Ne5 Nc7 18. e4 Bb7 19. Bc4 Ne6 20. Ndf3 Nh5 21. Rd7 {Fabbri-Suzuki, Sao Paulo
CXSP 98 years op 2000,1-0}) 12. e4 bxc4 (12... Nh5 13. Bh2 bxc4 14. Nxc4 Nb6
15. Na5 Bc8 16. Nc6 Qc7 17. Rab1 a5 18. Qxc5 f5 19. Bd3 fxe4 20. Bxe4 Ba6 (
20... Nf6 $17) 21. Rfe1 (21. Rfc1 $16) 21... Nc4 $11 {Buldra-Krbusik, CZE ch
tm 2007,0-1}) (12... e6 $11 {Stockfish10}) 13. Bxc4 (13. Nxc4 {looks stronger})
13... Nb6 14. Bb5 Nfd7 15. Rfe1 a6 16. Bc4 Qc7 (16... Nxc4 17. Nxc4 Nb6 $14 {
Stockfish10}) 17. Rad1 a5 18. Nb1 $6 (18. Bb5 $14) 18... Nxc4 19. Qxc4 Ba6 (
19... Bxb2 $17 {Stockfish10}) 20. Qc2 Reb8 $15 21. Nc3 Rb4 22. Bc1 Ne5 (22...
Rab8 $17) 23. Nxe5 Bxe5 24. g3 (24. f4 Bd4+ 25. Kh2 Qa7 $14 {Stockfish10})
24... Qd7 25. Kg2 Bc8 (25... Rab8 $17 {Stockfish10}) 26. Rh1 Rc4 (26... a4 $19
{Stockfish10- Bl has an improved Benko Gambit, with the exra a pawn as a
weapons}) 27. Rd3 Rb8 28. b3 {gives Bl a target} Rd4 {Wh has a lack of space,
so exchanges help him} (28... Rcb4 $19 29. Re3 c4 30. Nd1 cxb3 31. axb3 e6 $19
{Stockfish10}) 29. Rxd4 Bxd4 (29... cxd4 30. Na4 f5 $19 (30... Ba6 $19 {
Stockfish10})) 30. Ne2 (30. h4) (30. Bd2) 30... Bg7 31. Nc3 Ba6 $17 (31... f5
$17) 32. Na4 Bb5 (32... c4 $19 33. bxc4 Rb4 34. Nc3 Qc8 (34... Rxc4) 35. Bd2
Qxc4 36. Rc1 h5 (36... a4 37. a3 Rb3 38. Nxa4 Qxc2 39. Rxc2 Rxa3 40. Nb6 Bd4
41. Nc4 $17) 37. Kh2 h4 $19 {and Wh is running out of moves- Stockfish10} 38.
gxh4 (38. Nd1 hxg3+ 39. Kxg3 Qxc2 40. Rxc2 Rxe4 41. Bxa5 Ra4 42. Be1 (42. Bc3
Ra3) 42... Be5+ 43. Kg2 Bd3 44. Rc8+ Kg7 45. Bc3 Be4+ 46. Kg1 Rxa2 $19) 38...
a4 39. a3 Rb3 40. h5 Qd4 41. Kg2 Bd3 42. Qd1 Bxe4+ $19 {Stockfish10}) 33. Nb2
e6 (33... a4 $17) 34. dxe6 Qxe6 35. f3 Re8 (35... f5 36. exf5 gxf5 37. Nd3 Bxd3
38. Qxd3 Re8 39. Rd1 Qe2+ 40. Qxe2 Rxe2+ 41. Kf1 Rxa2 $15 {Stockfish10}) 36.
Nd3 Qd7 (36... c4 37. Nf4 cxb3 38. axb3 Rc8 39. Qd1 Qe5 40. Nd5 f5 $17 {
Stockfish10}) 37. Rd1 (37. Nf2 c4 38. bxc4 Rc8 39. Bf4 Bxc4 40. Qb1 Qe6 $15 {
Stockfish10}) 37... Qc7 (37... c4 $17 {Stockfish10}) 38. Nf4 $16 Bd4 $2 (38...
f5 39. exf5 Be5 40. a4 Ba6 41. Re1 gxf5 42. Qxf5 Qf7 43. Qg5+ $16 {Stockfish10}
) 39. Rxd4 $18 f5 40. exf5 gxf5 41. Rd2 (41. Rd5) 1-0

[Event "Dyfed Open"]
[Site "Fishguard"]
[Date "2019.02.24"]
[Round "4.17"]
[White "Cooke, Mark"]
[Black "Hurn, Robert Aj"]
[Result "1-0"]
[WhiteElo "1368"]
[BlackElo "1632"]
[Annotator "kemen"]
[PlyCount "177"]
[EventDate "2019.??.??"]

{[%evp 0,14,30,20,20,8,40,48,91,73,71,51,53,15,70,34,73]} 1. Nf3 Nf6 2. Nc3 g6
3. e4 d6 4. d4 Bg7 5. a3 O-O 6. h3 Nbd7 7. Bd3 b6 (7... c5 8. Ne2 cxd4 9. Nexd4
Nc5 10. Qe2 Re8 11. b4 Nxd3+ 12. Qxd3 e5 13. Nb5 d5 {Strazzer-Tamarozi, Mogi
das Cruzes op 2012,0-1}) 8. Ne2 Bb7 9. Ng3 e5 10. c3 (10. d5) 10... Qe7 (10...
d5 $17 {Komodo12- opening up the centre when the Wh K is still there & Wh got
behind in development}) 11. O-O $11 Rfe8 12. d5 (12. Bg5 h6 13. Bh4 g5 14. Nf5
Qf8 15. Bg3 Nxe4 16. Bh2 $11 {Komodo12- the K side weaknesses compensate})
12... Nc5 13. Bb5 (13. Bc2) 13... Rf8 (13... Ncxe4 14. Nxe4 Nxe4 15. Bxe8 Rxe8
16. Re1 f5 $11 {Komodo12}) 14. Re1 a6 15. Bc4 (15. Bf1) 15... b5 16. Ba2 Rad8
17. b4 Na4 18. Qc2 Nb6 (18... c6 $11) 19. Be3 Rc8 20. Qd2 Rfe8 21. h4 Ng4 22.
Bg5 f6 23. Be3 Nxe3 24. Qxe3 Rf8 $11 25. h5 Rce8 (25... f5) 26. Nh4 Qf7 (26...
f5 $17 27. Nhxf5 gxf5 28. Nxf5 Rxf5 (28... Qf7 29. h6 Bf6 $17) 29. exf5 Qh4 $17
{Komodo12}) 27. h6 Bh8 28. Rad1 (28. Ngf5 Qd7 (28... gxf5 29. Qg3+ Bg7 30. Nxf5
$18) 29. Qg3 Kf7 30. Ne3 $14 {Komodo12}) 28... Bc8 29. f3 (29. Ngf5 $5) 29...
Bd7 (29... Qe7 30. f4 f5 31. Nf3 exf4 32. Qxf4 fxe4 33. Qxe4 Qf7 34. Qh4 Na4
$19 {Komodo12}) 30. Rd2 Re7 (30... f5 31. exf5 Qf6 32. fxg6 Qxh4 33. Ne4 hxg6
34. g3 Qe7 $17 {Komodo12}) 31. Rc1 Nc4 (31... f5 32. Ngxf5 Bf6 (32... gxf5 33.
Qg5+ Bg7 34. Qxg7+ Qxg7 35. hxg7 Rxg7 36. exf5 Bxf5 $11) 33. Nxe7+ Qxe7 34. g3
Bg5 35. Qe1 Bxh6 36. Rf2 Qg5 37. Rfc2 Qf6 38. Rb1 Bg5 $11 {Komodo12}) 32. Bxc4
bxc4 33. Qe2 Bb5 (33... f5 $17) 34. Qf2 Bd7 35. Qf1 Bb5 36. Ra1 Qe8 37. Ne2 Bd7
(37... f5 $17) 38. g4 Qa8 (38... f5 39. gxf5 Bf6 40. Qh3 Bg5 41. Rda2 Bxh6 $15
{Komodo12}) 39. Ng3 Qa7+ 40. Qf2 Qa8 41. Kh2 a5 42. a4 Ree8 43. b5 Rc8 44. Qf1
Qa7 45. Qe2 Rf7 46. Nf1 Rcf8 (46... f5 47. gxf5 Bf6 48. Qe1 Bg5 49. Rg2 Bf4+
50. Kh1 g5 51. Rg1 Kh8 52. Ng2 Rf6 53. Nxf4 Rxh6+ 54. Nh3 Rxh3+ 55. Nh2 $18 {
Komodo12}) 47. Ne3 Ra8 48. Nxc4 Qb8 49. Kg2 Qf8 50. Rh1 Qxh6 51. Nf5 $18 Qf8
52. Nh6+ Kg7 53. Nxf7 Qxf7 54. Qe3 g5 55. Kg3 Kg6 (55... Kg8) 56. Rdh2 (56. b6
cxb6 57. Nxd6 Qf8 58. Nf5 $18 {Komodo12}) 56... Bg7 57. Qg1 (57. Rxh7) 57... h6
58. b6 Bxa4 59. b7 (59. bxc7 Qxc7 60. Nb6 $18) 59... Rb8 60. Qa7 Qe8 61. Nxa5
Bb5 62. Nc6 Bxc6 63. dxc6 Bf8 64. Ra1 (64. Qxb8 Qxb8 65. Ra1 {ends things
quickly}) 64... d5 65. Qa2 (65. Qxb8 Qxb8 66. Ra8 {ends things quickly}) 65...
Qxc6 66. exd5 Qd6 67. Qc2+ e4+ 68. Kg2 f5 69. gxf5+ Kf6 70. fxe4 Rxb7 71. Qe2
Qe5 72. Ra6+ Rb6 73. Rxb6+ cxb6 74. Qe3 Qd6 75. Rh1 Kf7 76. Rb1 Qa3 77. Rxb6
Bc5 78. Rb7+ Kf8 79. Qg3 Bd6 80. e5 (80. Qh3 Qa2+ 81. Kf3 Qh2 82. Qxh2 Bxh2 83.
Kg4 {Komodo12}) 80... Bc5 (80... Qa2+ 81. Qf2 (81. Kh3 Qxd5 82. exd6 Qxb7 83.
Qd3 Qh1+ 84. Kg4 Qh4+ 85. Kf3 Qf4+ 86. Ke2 {looks like a perpetual, the
Engines keep going round in circles}) 81... Qxd5+ 82. Qf3 Qd2+ 83. Kh3 h5 84.
Qg3 Qd5 85. Rb1 g4+ 86. Kh4 Bxe5 87. Qf2 Qe4 88. Kg5 (88. Re1 g3+ 89. Rxe4 gxf2
$19) 88... Qxb1 89. Qc5+ Kf7 90. Qxe5 Qb7 91. Kxh5 g3 92. Qxg3 {and with best
play Lomomosov tablebases give this as a mate in 54. ( This was one of the
last 2 to finish -the other in this rd Taylor-Waddington- so the players would
have been in great danger of both missing lunch & holding up the next round]})
81. e6 (81. Rb8+ Kf7 82. Qf3 {appears to be the most exact, with a mate in 9
according to Komodo12}) 81... Qa2+ (81... Bd6 82. e7+ $18 {Komodo12}) 82. Kh3 {
the only move to win} g4+ 83. Kxg4 (83. Qxg4 $1 {[%emt 0:00:05] mate in}) 83...
Qe2+ 84. Qf3 $2 {this could have lost the game!} (84. Kh4 Be7+ 85. Rxe7 $1 (85.
Kh3 Qh5+ 86. Kg2 Qe2+ {draws}) (85. f6 Bxf6+ 86. Kh3 Qh5+ 87. Kg2 Qxd5+ 88. Qf3
Qg5+ {and probably Wh squeezes a win}) 85... Kxe7 86. d6+ Kf6 87. d7 Qd1 88.
Qg6+ Ke5 89. Qg7+ Kxf5 90. Qf7+ Ke4 91. Qg6+ Ke3 92. Qg3+ Ke4 93. Qg4+ Qxg4+
94. Kxg4 $18 {Komodo12}) 84... Qc4+ (84... h5+ $1 $19 {wins the Q and ,
eventually, the game}) 85. Kh5 Qa2 86. Rf7+ (86. Qg3 {mate in 6, Komodo12})
86... Ke8 87. Qg3 Qe2+ 88. Kg6 Be3 (88... Qb2 89. Kh7 Bf8 90. Qc7 Qg2 91. Qd7#)
(88... Ba7 89. Rf8+ (89. Rxa7) 89... Kxf8 90. Qd6+ Ke8 91. Qd7+ Kf8 92. Qd8#)
89. Qb8# 1-0

[Event "Dyfed Open"]
[Site "Fishguard"]
[Date "2019.02.24"]
[Round "4.18"]
[White "Roberts, Malcolm A"]
[Black "Parri, Deio"]
[Result "1/2-1/2"]
[WhiteElo "1630"]
[BlackElo "1659"]
[Annotator "kemen"]
[PlyCount "53"]
[EventDate "2019.??.??"]

{[%evp 0,19,19,38,30,30,31,15,33,9,9,32,36,36,39,37,48,41,65,52,53,43]} 1. e4
e6 2. Nf3 d5 3. exd5 exd5 4. d4 Nf6 5. Bd3 Be7 6. h3 O-O 7. O-O b6 8. c3 Ba6 9.
Bxa6 Nxa6 10. Qd3 Nb8 11. Bf4 Nbd7 12. Nbd2 Re8 (12... c5 13. Ne5 (13. Rfe1 Re8
14. Ne5 Rc8 15. Re2 cxd4 16. cxd4 Nf8 17. Rae1 Ne6 18. Bh2 a6 19. Nxf7 {
Kuvsinov-Jeriominas, LTU ch , Vilnius 2016,1-0}) 13... Nxe5 14. Bxe5 c4 15. Qf5
Qd7 16. Qxd7 Nxd7 17. Rfe1 Rfe8 18. Re2 Bd6 19. Rae1 Bxe5 20. dxe5 Nc5 21. Nf3
Nd3 22. Rd1 Re7 23. Kf1 Rae8 {Krutina-Pospisil, CZE ch tm 2001,0-1}) 13. Rfe1
Nf8 (13... Qc8 14. Re2 Qb7 15. Rae1 Bf8 16. Ne5 c6 17. Nxd7 Qxd7 18. Be5 Re6
19. Nf3 h6 {Dizorz-Bertolutti, Udine Province ch 2007,1/2-1/2}) 14. Ne5 Bd6 15.
Bg5 h6 16. Bh4 $16 N8h7 17. Qf3 (17. Re2) 17... c5 18. a3 (18. Ng4 Rxe1+ 19.
Rxe1 cxd4 20. cxd4 Bb4 21. Re2 Bxd2 22. Rxd2 Rc8 23. Rd1 Rc6 24. Qg3 Kf8 25.
Re1 $14 {Stockfish10}) 18... Qc7 $11 19. Bg3 (19. Re2) 19... Ng5 20. Qd3 Nge4 (
20... c4) 21. Bh2 Nxd2 22. Qxd2 Ne4 23. Qe3 (23. Qd3 $11) 23... f6 (23... Re6
$15) 24. Nf3 Bxh2+ 25. Nxh2 Qf7 26. Qf4 cxd4 27. cxd4 $11 1/2-1/2